Southville International School and Colleges
Your cart is empty.
  • Cart
  • Lists
    Public lists Eva Luna New books Lux_list list_1
    Your lists Log in to create your own lists
  • Log in to your account
  • Your cookies
  • Search history
Southville International School and Colleges
  • Advanced search
  • Recent comments
  • Most popular
  • Libraries

Log in to your account

Log in with GOOGLE


If you do not have an external account, but do have a local account, you can still log in:

  1. Home
  2. MARC view: Library planning and development /
Normal view MARC view ISBD view

Library planning and development / (Record no. 22283)

[ view plain ]
MARC details
000 -LEADER
fixed length control field 00712nam a2200217 a 4500
005 - DATE AND TIME OF LATEST TRANSACTION
control field 20140310183358.0
008 - FIXED-LENGTH DATA ELEMENTS--GENERAL INFORMATION
fixed length control field 121004s19uu xx 00 eng d
020 ## - INTERNATIONAL STANDARD BOOK NUMBER
International Standard Book Number 9788171934555
050 ## - LIBRARY OF CONGRESS CALL NUMBER
Classification number Z 678
Item number .P189 2011
100 ## - MAIN ENTRY--PERSONAL NAME
Personal name Pandey, Raghunath
245 ## - TITLE STATEMENT
Title Library planning and development /
Statement of responsibility, etc Raghunath Pandey, M.N. Valayudhan Pillai.
260 ## - PUBLICATION, DISTRIBUTION, ETC. (IMPRINT)
Place of publication, distribution, etc New Delhi, India :
Name of publisher, distributor, etc Jnanada Prakashan,
Date of publication, distribution, etc 2011.
300 ## - PHYSICAL DESCRIPTION
Extent 309 p. :
Dimensions 22 cm.
500 ## - GENERAL NOTE
General note "in association with confederation of Indian Universities" Includes index
650 ## - SUBJECT ADDED ENTRY--TOPICAL TERM
Topical term or geographic name as entry element Library administration
650 ## - SUBJECT ADDED ENTRY--TOPICAL TERM
Topical term or geographic name as entry element Library planning
650 ## - SUBJECT ADDED ENTRY--TOPICAL TERM
Topical term or geographic name as entry element Library employees
700 ## - ADDED ENTRY--PERSONAL NAME
Personal name Pillai, M.N. Valayudhan
942 ## - ADDED ENTRY ELEMENTS (KOHA)
Koha item type Books
Source of classification or shelving scheme Library of Congress Classification
Call number prefix Foreign
Holdings
Withdrawn status Lost status Source of classification or shelving scheme Damaged status Home library Current library Shelving location Date acquired Source of acquisition Cost, normal purchase price Total Checkouts Full call number Barcode Date last seen Copy number Price effective from Koha item type
    Library of Congress Classification   College Library College Library General Circulation Section 10/04/2012 Donation 1877.00   Z 678 .P189 2011 C16192 05/15/2018 1 10/10/2013 Books

Library planning and development /

APA

Pandey R., Pillai M. V., . (2011). Library planning and development. New Delhi, India: Jnanada Prakashan.

Chicago

Pandey Raghunath, Pillai M.N Valayudhan, . 2011. Library planning and development. New Delhi, India: Jnanada Prakashan.

Harvard

Pandey R., Pillai M. V., . (2011). Library planning and development. New Delhi, India: Jnanada Prakashan.

MLA

Pandey Raghunath, Pillai M.N Valayudhan, . Library planning and development. New Delhi, India: Jnanada Prakashan. 2011.

  • Place hold
  • Print
  • Cite
  • Add to your cart (remove)
  • Save record
    BIBTEX Dublin Core MARCXML MARC (non-Unicode/MARC-8) MARC (Unicode/UTF-8) MARC (Unicode/UTF-8, Standard) MODS (XML) RIS
  • More searches
    Search for this title in:
    Other Libraries (WorldCat) Other Databases (Google Scholar) Online Stores (Bookfinder.com) Open Library (openlibrary.org)

Exporting to Dublin Core...

SOUTHVILLE LIBRARY

Southville International School and Colleges Library

1281 Tropical Ave. Cor. Luxembourg St., BF Homes International, Las Pinas City

Tel. No. 8256374 / 252358 Loc. 117/146

Powered by Koha